000 00634nam a2200169 i 4500
001 188214
003 ES-MaACL
005 20240524063013.0
008 180622s1926 fr |||| | fre d
100 0 _aChesterton, G. K.,
_d1874-1936
_938399
245 1 3 _aLe nommé jeudi
_b: un cauchemar /
_cG.-K. Chesterton ; traduit de l'anglais par Jean Florence.
250 _a4e éd.
260 _aParis :
_bLibrairie Gallimard :
_bNouvelle Revue Française,
_c1926.
300 _a251 p. ;
_c19 cm.
852 _aES-MaACL
_jL-32073
_z. - Donat. herederos de la bibl. de Mª del Pilar Costa Palacín
999 _c188214
_d188214